| 000 | 01716cam a2200409 i 4500 | ||
|---|---|---|---|
| 001 | 22470517 | ||
| 003 | BJBSDDR | ||
| 005 | 20260422154743.0 | ||
| 007 | ta | ||
| 008 | 220317s2022 txu 001 0 eng | ||
| 010 | _a 2022935039 | ||
| 020 |
_a9781637741030 _q(paperback) |
||
| 020 |
_z9781637741047 _q(ebook) |
||
| 035 | _a22470517 | ||
| 040 |
_aDLC _beng _erda _cDLC |
||
| 041 | _aeng | ||
| 042 | _apcc | ||
| 050 | 0 | 0 |
_aPN149 _bSi624 2022 |
| 100 | 2 |
_aSivertsen, Linda _d1964- _948057 |
|
| 245 | 1 | 0 |
_aBeautiful writers : _ba journey of big dreams and messy manuscripts--with tricks of the trade from bestselling authors / _cLinda Sivertsen. |
| 260 |
_aDallas, TX : _bBenBella Books, Inc ; _c2022 . |
||
| 264 | 1 |
_aDallas, TX : _bBenBella Books, Inc., _c2022 . |
|
| 300 |
_a389 pages ; _c23 cm . |
||
| 336 |
_atext _btxt _2rdacontent |
||
| 337 |
_aunmediated _bn _2rdamedia |
||
| 338 |
_avolume _bnc _2rdacarrier |
||
| 500 | _aIncludes index. | ||
| 520 |
_a"In Beautiful Writers: A Journey of Big Dreams and Messy Manuscripts-with Tricks of the Trade from Bestselling Authors, Linda shares-and expands on-the best of advice and storytelling from the podcast and follow-up interviews with literary greats"-- _cProvided by publisher. |
||
| 650 | 0 |
_aAuthorship _xVocational guidance. |
|
| 650 | 0 |
_aAuthors _vAnecdotes. |
|
| 655 | 7 |
_aAnecdotes. _2lcgft _0https://id.loc.gov/authorities/genreForms/gf2014026044 |
|
| 906 |
_a7 _bcbc _corignew _d2 _eepcn _f20 _gy-gencatlg |
||
| 942 |
_2lcc _cBK _n0 |
||
| 946 | _iSBA | ||
| 999 |
_c126886 _d126886 |
||